[Event "Mechanics' Summer TNM; G/2 d5"]
[Site "San Francisco"]
[Date "2017.07.11"]
[Round "7.28"]
[White "Chan, John"]
[Black "Garfield, Nicholas"]
[Result "1-0"]
[WhiteElo "1582"]
[BlackElo "1104"]
[PlyCount "91"]
[EventDate "2017.??.??"]

1. d4 Nf6 2. Nf3 e6 3. c3 c5 4. e3 Nc6 5. Be2 Qc7 6. Nbd2 d5 7. a3 cxd4 8. cxd4
Bd6 9. Nf1 Ne4 10. Bd2 e5 11. Rc1 exd4 12. Nxd4 Bd7 13. Nb5 Qb6 14. Nxd6+ Nxd6
15. Bc3 O-O 16. Ng3 Ne7 17. O-O Bb5 18. Nh5 f6 19. Nf4 Bxe2 20. Qxe2 Ne4 21.
Bd4 Qa5 22. Ne6 Rfc8 23. Rxc8+ Rxc8 24. g3 Nf5 25. Kg2 Nxd4 26. Nxd4 Qd2 27.
Qg4 Rc1 28. Qf5 Rxf1 29. Kxf1 Qxb2 30. Qxd5+ Kf8 31. Qxe4 Qxa3 32. Qxb7 Qe7 33.
Qb8+ Kf7 34. Nc6 Qd7 35. Qxa7 Qxa7 36. Nxa7 Ke6 37. Ke2 Kf5 38. f3 h5 39. e4+
Ke5 40. Ke3 g5 41. h3 h4 42. g4 f5 43. exf5 Kf6 44. Ke4 Ke7 45. Ke5 Kf7 46. Nc6
1-0

[Event "Mechanics' Winter TNM; G/2"]
[Site "San Francisco"]
[Date "2017.02.21"]
[Round "8.21"]
[White "Chan, John"]
[Black "Hakobyan, Sos"]
[Result "0-1"]
[WhiteElo "1587"]
[BlackElo "1792"]
[PlyCount "140"]
[EventDate "2017.??.??"]

1. d4 e6 2. Nf3 Nf6 3. c3 d5 4. Bg5 Nbd7 5. Nbd2 h6 6. Bxf6 Nxf6 7. h3 c5 8. e3
c4 9. Be2 b5 10. b4 a5 11. a3 axb4 12. axb4 Bb7 13. O-O Bd6 14. Qc2 O-O 15. Ra2
Qc7 16. Rfa1 Nd7 17. e4 Nb6 18. e5 Be7 19. Nh2 Rxa2 20. Rxa2 Na4 21. Ra1 Bc6
22. f4 f5 23. Ndf1 Qb6 24. Nf3 Be8 25. Ng3 Bg6 26. Qc1 Bh7 27. Kh2 Kh8 28. Bd1
Ra8 29. Nf1 Qd8 30. g3 g5 31. Ra2 g4 32. Ng1 gxh3 33. Nxh3 Qb6 34. Qe3 Qb7 35.
Bf3 Nb6 36. Rxa8+ Qxa8 37. Qd2 Qa1 38. Ne3 Na4 39. Nd1 Qa3 40. Ng1 Kg7 41. Ne2
Bg6 42. Kg2 Be8 43. g4 Bg6 44. gxf5 Bxf5 45. Ne3 Bd3 46. f5 Bg5 47. fxe6 Bxe2
48. Bxe2 Qxc3 49. Qxc3 Nxc3 50. Nf5+ Kg6 51. e7 Bxe7 52. Nxe7+ Kf7 53. Nxd5
Nxe2 54. e6+ Kxe6 55. Nc7+ Kd6 56. Nxb5+ Kc6 57. Na3 c3 58. b5+ Kb6 59. Kh3
Nxd4 60. Kh4 Nxb5 61. Nc2 Nd6 62. Kh5 Nf7 63. Kg4 Kc5 64. Kf4 Kc4 65. Ke3 Kb3
66. Ne1 Kb2 67. Nd3+ Kb1 68. Ke2 c2 69. Kd2 Ne5 70. Nc1 Nc4+ 0-1

[Event "Mechanics' Spring TNM; G/2"]
[Site "San Francisco"]
[Date "2017.04.04"]
[Round "4.30"]
[White "Chan, John"]
[Black "Hakobyan, Sos"]
[Result "0-1"]
[WhiteElo "1551"]
[BlackElo "1843"]
[PlyCount "128"]
[EventDate "2017.??.??"]

1. d4 Nf6 2. Nf3 e6 3. c3 c5 4. e3 d5 5. Be2 Nc6 6. Nbd2 Bd7 7. Nf1 Bd6 8. Ng3
cxd4 9. exd4 Qc7 10. Nf1 h6 11. Ne3 g5 12. h3 Ne4 13. Nf1 a6 14. N3d2 f5 15.
Bh5+ Ke7 16. Nxe4 fxe4 17. Be3 Raf8 18. Qd2 Bf4 19. O-O-O b5 20. Kb1 Rf6 21. g3
Bd6 22. h4 gxh4 23. Rxh4 Na5 24. Be2 Nc4 25. Bxc4 bxc4 26. Bxh6 Ke8 27. Bg5
Rff8 28. Bh6 Rf7 29. Ne3 Ba4 30. Rdh1 Kd7 31. Bg5 Rb8 32. Rh7 Kc6 33. Rxf7 Qxf7
34. Nc2 Qf3 35. Rc1 Qd3 36. Ka1 Rf8 37. Nb4+ Bxb4 38. cxb4 Qxd2 39. Bxd2 Rxf2
40. Be1 Rc2 41. Rxc2 Bxc2 42. Bd2 Kd6 43. Bf4+ Ke7 44. b3 c3 45. a3 Bxb3 46.
Kb1 Kf6 47. g4 Bd1 48. g5+ Kf5 49. Be3 e5 50. dxe5 Kxe5 51. Kc1 Bh5 52. Kc2 d4
53. Bc1 Bg6 54. Kd1 e3 55. a4 Bd3 56. Ke1 Kf5 57. Ba3 Kxg5 58. b5 axb5 59. axb5
Bxb5 60. Bc5 c2 61. Ba3 Kf4 62. Bc1 Ba4 63. Ke2 Ke4 64. Ke1 d3 0-1

[Event "Mechanics' Fall TNM; G/2 d5"]
[Site "San Francisco"]
[Date "2017.11.28"]
[Round "6.28"]
[White "Chan, John"]
[Black "Hilliard, Michael"]
[Result "1-0"]
[WhiteElo "1647"]
[BlackElo "1493"]
[Annotator "Donaldson"]
[PlyCount "87"]
[EventDate "2017.??.??"]

1. d4 d5 2. Nf3 Nf6 3. h3 Nbd7 4. c3 e6 5. Nbd2 Bd6 6. e3 O-O 7. c4 c6 8. c5
Bc7 9. Be2 b6 10. b4 Re8 11. b5 Bb7 12. Qc2 e5 13. cxb6 Bxb6 14. bxc6 Rc8 15.
O-O Rxc6 16. Qb2 e4 17. Nh2 Qc7 18. Bb5 Rc2 19. Qb3 Ba5 20. Rd1 Bxd2 21. Bxd2
Rc8 22. Rab1 Ba8 23. a4 Nb6 24. Ba5 Qb7 25. Qa3 Nfd7 26. Nf1 Nb8 27. Ng3 Nc6
28. Bxb6 axb6 29. Nf5 Rc7 30. Bxc6 R2xc6 31. a5 g6 32. Nd6 Qa6 33. Nb5 Rb7 34.
axb6 Rbxb6 35. Qxa6 Rxa6 36. g4 Rc2 37. Kg2 Raa2 38. Rf1 Bb7 39. Ra1 Rab2 (
39... Rxf2+ 40. Rxf2 Rxa1 41. Nd6 Bc6 42. Rxf7 Ra2+ 43. Kg1 Ra1+ 44. Kf2 Ra2+
45. Kg3 Re2 $11) 40. Nd6 Kg7 41. g5 h6 42. h4 Bc8 43. Ra8 Bg4 44. Ne8+ 1-0

[Event "Mechanics' Peter Grey TNM; G/2 d5"]
[Site "San Francisco"]
[Date "2017.09.12"]
[Round "6.22"]
[White "Chan, John"]
[Black "Jensen, Christian"]
[Result "0-1"]
[WhiteElo "1564"]
[BlackElo "1844"]
[PlyCount "110"]
[EventDate "2017.??.??"]

1. d4 Nf6 2. Nf3 g6 3. h3 Bg7 4. c3 O-O 5. Bf4 d6 6. e3 c5 7. Be2 a6 8. O-O b6
9. Nbd2 Nc6 10. d5 $2 Nxd5 11. Bg3 Bb7 12. a3 b5 13. Rb1 Rc8 14. Nh2 Qd7 15. c4
Nc7 16. Bg4 f5 17. Be2 b4 18. Nb3 Rfd8 19. Nf3 Ne8 20. Qc2 Nf6 21. Rfd1 Qe8 22.
Ng5 e5 23. Nf3 Ne7 24. Nbd2 a5 25. Ng5 Nc6 26. Ngf3 Nb8 27. Re1 e4 28. Nh2 Nc6
29. Nhf1 Ne5 30. Rbd1 Qc6 31. Nb3 Qb6 32. Rd2 a4 33. Nc1 Qc6 34. Bxe5 dxe5 35.
Red1 Rxd2 36. Rxd2 b3 37. Qd1 Bf8 38. Nh2 h5 39. g4 hxg4 40. hxg4 f4 41. Bf1 f3
42. Bh3 g5 43. Nf1 Ba6 44. Ng3 Bxc4 45. Nf5 Be6 46. Rd8 Bxf5 47. gxf5 Rxd8 48.
Qxd8 Qd6 49. Qxd6 Bxd6 50. Bf1 Nd7 51. Bc4+ Kg7 52. Bd5 Kf6 53. Bxe4 c4 54. Bc6
Nb6 55. e4 {Diagram [#]} Bxa3 0-1

[Event "Mechanics' Summer TNM; G/2 d5"]
[Site "San Francisco"]
[Date "2017.06.13"]
[Round "4.26"]
[White "Chan, John"]
[Black "Malykin, Erika"]
[Result "1-0"]
[WhiteElo "1582"]
[BlackElo "1612"]
[PlyCount "49"]
[EventDate "2017.??.??"]

1. d4 Nf6 2. Nf3 e6 3. c3 c5 4. e3 d5 5. Nbd2 cxd4 6. exd4 Bd6 7. Bd3 Bd7 8. a3
Qc7 9. g3 Nc6 10. c4 dxc4 11. Nxc4 h6 12. Bd2 a6 13. Rc1 Rc8 14. O-O O-O 15. b4
b5 16. Ne3 Qb6 17. Bc3 Ne7 18. Qe2 Bc6 19. Nd2 Ned5 20. Bb2 Nxe3 21. fxe3 Rfe8
22. Nf3 Bxf3 23. Qxf3 Nd7 24. Qxf7+ Kh8 25. Qg6 1-0

[Event "Mechanics' Peter Grey TNM; G/2 d5"]
[Site "San Francisco"]
[Date "2017.10.03"]
[Round "9.16"]
[White "Chan, John"]
[Black "McKellar, Daniel"]
[Result "0-1"]
[WhiteElo "1564"]
[BlackElo "1820"]
[PlyCount "54"]
[EventDate "2017.??.??"]

1. d4 d5 2. Nf3 Nf6 3. c3 Bf5 4. h3 e6 5. Bg5 Nbd7 6. Nbd2 h6 7. Bh4 Bd6 8.
Bxf6 Nxf6 9. e3 O-O 10. c4 c5 11. Be2 Rc8 12. O-O a6 13. a4 Re8 14. a5 cxd4 15.
Nxd4 Bh7 16. N4f3 e5 17. cxd5 Bc2 18. Qe1 Nxd5 19. Bd1 Nb4 20. Bxc2 Nxc2 21.
Qb1 Nxa1 22. Qxa1 Bb4 23. Nb3 Qd5 24. Qa4 Qb5 25. Qa2 Rc2 26. Qb1 Rec8 27. Nbd4
exd4 0-1

[Event "Mechanics' Spring TNM; G/2"]
[Site "San Francisco"]
[Date "2017.03.21"]
[Round "2.40"]
[White "Chan, John"]
[Black "Otterbach, Renate"]
[Result "1-0"]
[WhiteElo "1551"]
[BlackElo "1034"]
[PlyCount "97"]
[EventDate "2017.??.??"]

1. d4 d5 2. Nf3 Nf6 3. h3 e6 4. c3 c5 5. e3 Be7 6. Be2 Bd7 7. b3 b5 8. dxc5
Bxc5 9. b4 Bb6 10. Bd3 Ne4 11. Qe2 a6 12. Bb2 O-O 13. h4 f6 14. Na3 Bc7 15.
Bxe4 dxe4 16. Nd4 Qe8 17. h5 h6 18. Nb3 Nc6 19. Nc5 Bc8 20. Nxe4 Ne5 21. f4 Bb7
22. Ng3 Nf7 23. Rg1 Rd8 24. Nc2 Nd6 25. Nd4 f5 26. Nf3 Nc4 27. Nd4 g5 28. hxg6
Qxg6 29. Nf1 Qg4 30. Qxg4+ fxg4 31. Bc1 Rd6 32. a4 Bb6 33. a5 Bd8 34. g3 Bf6
35. Ra2 Bf3 36. Rh2 Bg7 37. Rh5 Be4 38. Rh4 e5 39. fxe5 Nxe5 40. Nh2 Nd3+ 41.
Kd1 Nf2+ 42. Kd2 Nd3 43. Nxg4 Rg6 44. Nxh6+ Rxh6 45. Rxe4 Nf2 46. Rf4 Rh2 47.
Rxf8+ Kxf8 48. Ne2 Ne4+ 49. Ke1 {Black lost on time in a drawish position.} 1-0

[Event "Mechanics' Peter Grey TNM; G/2 d5"]
[Site "San Francisco"]
[Date "2017.09.05"]
[Round "5.33"]
[White "Chan, John"]
[Black "Poblete, Tyrone C"]
[Result "1-0"]
[WhiteElo "1564"]
[BlackElo "1154"]
[Annotator "Donaldson"]
[PlyCount "119"]
[EventDate "2017.??.??"]

1. d4 c6 2. Nf3 d6 3. h3 Nf6 4. Nc3 e6 5. e4 d5 6. e5 Ne4 7. Bd3 Bb4 8. Bd2
Nxc3 9. bxc3 Be7 10. h4 Nd7 11. g4 c5 12. g5 c4 13. Bf1 Nf8 14. h5 Qc7 15. Bg2
Bd7 16. a4 Qa5 17. O-O Bc6 18. Qb1 Nd7 19. Ne1 O-O-O 20. f4 h6 21. Qd1 g6 22.
Bf3 Rdg8 23. Ng2 Nf8 24. Bg4 hxg5 25. fxg5 gxh5 26. Bh3 Be8 27. Qf3 Qd8 28.
Rab1 Bxg5 29. Bxg5 Rxg5 30. Kh1 h4 31. Qe2 Rg3 32. Rf3 Qg5 33. Rbf1 Rg8 34. Kh2
Rxf3 35. Rxf3 Ng6 36. Qf2 Ne7 37. Nxh4 Nf5 38. Nxf5 exf5 {Diagram [#]} 39.
Bxf5+ $4 (39. Rxf5 {was an immediate win.}) 39... Bd7 40. Bxd7+ Kxd7 41. Rxf7+
Kc8 $4 (41... Ke8 $11) 42. Qf5+ Qxf5 43. Rxf5 Rh8+ 44. Kg2 Rg8+ 45. Kf2 Rg6 46.
e6 Rxe6 47. Rxd5 Rc6 48. Ke3 Kc7 49. Ke4 b6 50. Ke5 Rh6 51. Ke4 Kc6 52. Rb5
Re6+ 53. Re5 Rd6 54. Re7 a5 55. Re5 Rh6 56. Rg5 Re6+ 57. Kf5 Rd6 58. Rg8 Kc7
59. Ke5 Kd7 60. d5 1-0

[Event "Mechanics' Spring TNM; G/2"]
[Site "San Francisco"]
[Date "2017.04.18"]
[Round "6.35"]
[White "Chan, John"]
[Black "Robertson, Guy R"]
[Result "0-1"]
[WhiteElo "1551"]
[BlackElo "1463"]
[PlyCount "42"]
[EventDate "2017.??.??"]

1. d4 d5 2. Nf3 Nf6 3. h3 e6 4. c3 b6 5. Bf4 Bb7 6. Nbd2 Nbd7 7. e3 Be7 8. Bd3
O-O 9. O-O Rc8 10. Qe2 c5 11. Ba6 Bxa6 12. Qxa6 Ra8 13. Rac1 Qc8 14. Qa4 a6 15.
Qd1 c4 16. a3 b5 17. g4 Ne4 18. Kh1 f5 19. g5 g6 20. Nh2 Bd8 21. Bd6 $4 Nxd6
0-1

[Event "Mechanics' Peter Grey TNM; G/2 d5"]
[Site "San Francisco"]
[Date "2017.08.15"]
[Round "2.31"]
[White "Chan, John"]
[Black "Than, Maung Nyunt"]
[Result "1-0"]
[WhiteElo "1564"]
[BlackElo "1355"]
[PlyCount "83"]
[EventDate "2017.??.??"]

1. d4 Nf6 2. Nf3 e6 3. c3 b6 4. Qc2 Ba6 5. Bg5 Be7 6. Nbd2 O-O 7. h4 Nd5 8. g3
f6 9. Be3 Nxe3 10. fxe3 d5 11. Bh3 Qd6 12. Rg1 c5 13. a3 Nc6 14. Nb3 c4 15.
Nbd2 e5 16. dxe5 Nxe5 17. Nd4 Qc7 18. Ne6 Qd6 19. Nxf8 Rxf8 20. O-O-O Qc5 21.
Be6+ Kh8 22. Nf1 Bb7 23. Qd2 Rd8 24. g4 Rd6 25. Bf5 Bc8 26. Qc2 g6 27. Bxc8
Qxc8 28. h5 g5 29. Qf5 Qc5 30. Rg3 a5 31. Nd2 b5 32. Qc2 b4 33. cxb4 axb4 34.
axb4 Qxb4 35. Qc3 Qb5 36. Nb1 Ra6 37. Na3 Bxa3 38. bxa3 Qc5 39. Qb4 Qc8 40.
Rxd5 Qa8 41. e4 Qa7 42. Qf8# 1-0

[Event "Mechanics' Summer TNM; G/2 d5"]
[Site "San Francisco"]
[Date "2017.06.27"]
[Round "6.35"]
[White "Chan, John"]
[Black "Valente, Marty J"]
[Result "1-0"]
[WhiteElo "1582"]
[BlackElo "1334"]
[PlyCount "59"]
[EventDate "2017.??.??"]

1. d4 d5 2. Nf3 Nc6 3. h3 Nf6 4. Bf4 e6 5. c3 Bd6 6. Bg5 h6 7. Bd2 O-O 8. Qc1
Nh7 9. h4 e5 10. e3 e4 11. Ng1 Be7 12. g3 Bg4 13. Be2 Bxe2 14. Nxe2 Nf6 15. Ng1
Bd6 16. Qd1 Qd7 17. Nh3 Qf5 18. Qe2 a5 19. a3 Rab8 20. Bc1 b5 21. Nf4 Rfe8 22.
Nd2 b4 23. axb4 axb4 24. c4 Bxf4 25. gxf4 b3 26. c5 Nb4 27. Rb1 Nd3+ 28. Kd1
Qe6 29. Ra1 Qb6 $4 30. cxb6 1-0

[Event "Mechanics' Fall TNM; G/2 d5"]
[Site "San Francisco"]
[Date "2017.11.14"]
[Round "4.37"]
[White "Chan, John"]
[Black "Van Derwall, John"]
[Result "1-0"]
[WhiteElo "1647"]
[BlackElo "1412"]
[PlyCount "83"]
[EventDate "2017.??.??"]

1. d4 g6 2. Nf3 Bg7 3. c3 d6 4. e4 Nf6 5. Bd3 Bg4 6. Nbd2 e5 7. h3 Bd7 8. O-O
c5 9. dxe5 Nh5 10. Nc4 O-O 11. Nxd6 Qc7 12. Bc4 Nc6 13. Nb5 Qc8 14. Kh2 Nxe5
15. Nxe5 Bxe5+ 16. f4 Bxb5 17. Bxb5 Rd8 18. Qf3 Bc7 19. Bc4 a6 20. a4 b5 21.
Bd5 Ra7 22. axb5 Nf6 23. Be3 Nxd5 24. exd5 Bd6 25. c4 a5 26. b3 Qf5 27. Qf2 Qc8
28. Kg1 f5 29. Bd2 Qc7 30. Rfe1 Rda8 31. Re6 a4 32. bxa4 Rxa4 33. Rxa4 Rxa4 34.
Qf1 Kf7 35. Qc1 Be7 36. Qb2 Rxc4 37. Qh8 Qa7 38. Qxh7+ Kf8 39. Ra6 Qb7 40. Rxg6
Qxd5 41. Qh8+ Kf7 42. Qg8# 1-0

[Event "Mechanics' Winter TNM; G/2"]
[Site "San Francisco"]
[Date "2017.02.14"]
[Round "7.38"]
[White "Chan, John"]
[Black "Warton, Phillip"]
[Result "0-1"]
[WhiteElo "1587"]
[BlackElo "1799"]
[PlyCount "106"]
[EventDate "2017.??.??"]

1. d4 Nf6 2. Nf3 g6 3. h3 d5 4. Bf4 Bg7 5. c3 O-O 6. Nbd2 Nbd7 7. e3 c5 8. Be2
Re8 9. O-O Qb6 10. Qc1 Ne4 11. Nxe4 dxe4 12. Nd2 cxd4 13. cxd4 e5 14. Nc4 Qc6
15. dxe5 Nxe5 16. Bxe5 Bxe5 17. Rd1 Bb8 18. Nd2 Qe6 19. Bg4 f5 20. Be2 Kg7 21.
Nf1 Qf6 22. Qc3 Qxc3 23. bxc3 Be5 24. Rac1 Be6 25. Rc2 Red8 26. Rb1 b6 27. Rb5
Kf6 28. f4 Bd6 29. g4 Bc5 30. g5+ Ke7 31. Kf2 Bd7 32. Rb1 Ba4 33. Rcc1 Ba3 34.
Re1 Rac8 35. Bd1 Bxd1 36. Rexd1 Rxc3 37. Re1 Rc2+ 38. Re2 Rdc8 39. Rbe1 b5 40.
Rxc2 Rxc2+ 41. Re2 Rc1 42. Nd2 Bb4 43. Nb3 Rb1 44. Nd4 Bc5 45. Nb3 Bb6 46. Rc2
a5 47. Nd2 Rh1 48. Kg2 Re1 49. Nf1 Bxe3 50. Nxe3 Rxe3 51. Rc7+ Kd6 52. Rxh7
Re2+ 53. Kf1 Rxa2 0-1

[Event "Mechanics' Fall TNM; G/2 d5"]
[Site "San Francisco"]
[Date "2017.12.12"]
[Round "8.27"]
[White "Chan, John"]
[Black "Yamamoto, Craig"]
[Result "1-0"]
[WhiteElo "1647"]
[BlackElo "1588"]
[PlyCount "89"]
[EventDate "2017.??.??"]

1. d4 f5 2. Nf3 Nf6 3. h3 d6 4. Nc3 e6 5. Bf4 c6 6. e3 Be7 7. Bd3 O-O 8. O-O d5
9. Re1 Bd6 10. Ne2 b6 11. c3 Ba6 12. Ng5 Qe7 13. Bxa6 Nxa6 14. Qd3 Nc7 15. a4
b5 16. axb5 cxb5 17. b4 a6 18. Nf3 Ne4 19. Bxd6 Qxd6 20. Ne5 Nf6 21. Ng3 Nd7
22. f4 Ne8 23. Nf3 Nef6 24. Qe2 Rfc8 25. Rec1 Ne4 26. Nxe4 fxe4 27. Nh2 Nb6 28.
Ng4 Nd7 29. Qe1 Rc4 30. Qg3 Qe7 31. Qf2 g6 32. Nh2 Qd8 33. g4 Qf8 34. g5 Kg7
35. Qh4 Kh8 36. Ng4 Rc7 37. Qg3 Rc6 38. h4 Kg7 39. Nh6 Qd6 40. Kg2 Qf8 41. Ra2
Qe8 42. Ng4 Qc8 43. Qe1 Ra7 44. Kg3 Rac7 45. Ra3 {
White later won. Remaining moves unavailable.} 1-0

[Event "Mechanics' Fall TNM; G/2 d5"]
[Site "San Francisco"]
[Date "2017.11.21"]
[Round "5.34"]
[White "Chen, Bryant Alan"]
[Black "Cowgill, Jackie"]
[Result "1-0"]
[WhiteElo "1603"]
[BlackElo "971"]
[Annotator "Donaldson"]
[PlyCount "119"]
[EventDate "2017.??.??"]

1. d4 d5 2. c4 c6 3. Nf3 Nf6 4. Nc3 dxc4 5. a4 Bf5 6. e3 e6 7. Bxc4 Be7 $6 (
7... Bb4) 8. O-O O-O 9. Rb1 $2 h6 (9... Bxb1) 10. Bd3 Bxd3 11. Qxd3 Na6 12. Na2
Nc7 13. Ne5 c5 14. dxc5 Bxc5 15. b4 Be7 16. Nc3 Nh7 17. Rd1 Bf6 18. Qe4 Ng5 19.
Qf4 (19. Qxb7) 19... Nd5 20. Nxd5 exd5 21. Bb2 Re8 22. Nd3 Bxb2 23. Rxb2 b6 24.
Qd4 Re4 25. Qc3 d4 $1 26. exd4 Rc8 27. Qb3 Rxd4 (27... Qxd4) 28. Re2 $4 Qc7 (
28... Rxd3 $1) 29. Ne5 Rxd1+ 30. Qxd1 Qc1 31. Re1 Qxd1 32. Rxd1 a5 $2 (32... f6
) 33. h4 Ne6 34. Rd6 Rc1+ 35. Kh2 axb4 36. Rxb6 b3 37. Rxb3 Nc5 38. Ra3 Kf8 39.
Nd3 Nxd3 40. Rxd3 Ra1 41. Rd4 Ke7 42. Kg3 f5 43. Kf4 Ke6 44. f3 g5+ 45. hxg5
hxg5+ 46. Kxg5 Ke5 47. Rf4 Ke6 48. Rxf5 Rxa4 49. g4 Ra8 50. Kg6 Rb8 51. Rf6+
Ke7 52. f4 Rg8+ 53. Kf5 Rxg4 54. Kxg4 $2 (54. Re6+ Kd7 55. Kxg4 Kxe6 56. Kg5 {
wins}) 54... Kxf6 55. f5 Kg7 56. Kg5 Kf7 57. f6 Kg8 $4 (57... Kf8 $11) 58. Kg6
Kf8 59. f7 Ke7 60. Kg7 1-0

[Event "Mechanics' Fall TNM; G/2 d5"]
[Site "San Francisco"]
[Date "2017.12.05"]
[Round "7.35"]
[White "Chen, Bryant Alan"]
[Black "Frank, Robert H"]
[Result "1-0"]
[WhiteElo "1603"]
[BlackElo "1293"]
[PlyCount "95"]
[EventDate "2017.??.??"]

1. d4 Nf6 2. c4 e6 3. Nf3 Bb4+ 4. Nc3 c5 5. Bg5 h6 6. Bh4 O-O 7. e4 g5 8. Nxg5
Nxe4 9. Ngxe4 Qxh4 10. Nxc5 b6 11. g3 Qf6 12. N5e4 Qf5 13. Bg2 Nc6 14. O-O Ba6
15. b3 Rab8 16. Ne2 b5 17. a3 Be7 18. c5 Rfd8 19. b4 Bb7 20. N2c3 a6 21. Qd2
Kg7 22. Rad1 Bf6 23. Nxf6 Qxf6 24. Ne4 Qe7 25. Nd6 Ba8 26. Rfe1 Qf6 27. Ne4 Qe7
28. d5 exd5 29. Nd6 Qg5 30. Qxg5+ hxg5 31. Bxd5 Rf8 32. Kg2 Nd8 33. Bxa8 Rxa8
34. Re8 Ra7 35. Rxf8 Kxf8 36. Kf3 Ne6 37. Kg4 a5 38. Nxb5 Rb7 39. Nd6 Rc7 40.
Ne4 axb4 41. axb4 Ke7 42. Nxg5 Nxc5 43. bxc5 Rxc5 44. h4 f6 45. Re1+ Re5 46.
Rxe5+ fxe5 47. Kf5 d6 48. h5 1-0

[Event "Mechanics' Fall TNM; G/2 d5"]
[Site "San Francisco"]
[Date "2017.11.07"]
[Round "3.37"]
[White "Chen, Bryant Alan"]
[Black "Garfield, Nicholas"]
[Result "1-0"]
[WhiteElo "1603"]
[BlackElo "1207"]
[PlyCount "83"]
[EventDate "2017.??.??"]

1. d4 Nf6 2. c4 e6 3. Nc3 Bb4 4. Bd2 d5 5. cxd5 Nxd5 6. e4 Ne7 7. Nf3 c5 8. a3
cxd4 9. axb4 dxc3 10. bxc3 O-O 11. Bc4 Qc7 12. Bb3 Nbc6 13. O-O Rd8 14. Qe2 Ng6
15. Rfd1 Nce5 16. Nxe5 Qxe5 17. f4 Qc7 18. Qf2 Bd7 19. Rxa7 Rxa7 20. Qxa7 Bc6
21. Bc2 h5 22. Qf2 e5 23. f5 Nf4 24. Rf1 Bb5 25. Re1 Bd3 26. Bb3 Qc6 27. Bxf4
exf4 28. Qh4 Rd7 29. Ra1 b5 30. Bd5 Rxd5 31. exd5 Qxd5 32. Qxf4 Bxf5 33. Re1
Bd7 34. Qf3 Qg5 35. Rd1 Bg4 36. Qa8+ Kh7 37. Rf1 Qe3+ 38. Kh1 Be2 39. Re1 Qf2
40. Qe4+ f5 41. Qxe2 Qxe2 42. Rxe2 1-0

[Event "Mechanics' Fall TNM; G/2 d5"]
[Site "San Francisco"]
[Date "2017.10.24"]
[Round "1.8"]
[White "Chen, Bryant Alan"]
[Black "Thornally, Frank"]
[Result "0-1"]
[WhiteElo "1603"]
[BlackElo "2200"]
[Annotator "Donaldson"]
[PlyCount "60"]
[EventDate "2017.??.??"]

1. d4 Nf6 2. c4 e6 3. Nc3 d5 4. cxd5 exd5 5. Bg5 Nbd7 6. e3 c6 7. Bd3 Be7 8.
Rc1 h6 9. Bh4 O-O 10. Nge2 Nh5 11. Bxe7 Qxe7 12. O-O Re8 13. a3 a5 14. Qd2 Ndf6
15. Na4 Qc7 16. Nec3 Ng4 17. g3 Ngf6 18. Rfe1 Bh3 19. Bf1 Bxf1 20. Kxf1 Rad8
21. Qe2 g6 22. Nc5 Ne4 23. Kg2 $2 (23. N3xe4) 23... Nxc5 24. dxc5 {Diagram [#]}
d4 $1 25. Nd1 d3 (25... Nf6) 26. Qd2 Re5 27. e4 Qe7 28. Re3 Rg5 29. Rxd3 $4 (
29. Nc3) 29... Rxd3 30. Qxd3 Nf4+ 0-1

[Event "Mechanics' Peter Grey TNM; G/2 d5"]
[Site "San Francisco"]
[Date "2017.08.08"]
[Round "1.22"]
[White "Chen, Mingson"]
[Black "Cunningham, Charles"]
[Result "1-0"]
[WhiteElo "1900"]
[BlackElo "1377"]
[PlyCount "37"]
[EventDate "2017.??.??"]

1. e4 e6 2. d4 b6 3. Nf3 h6 4. Bd3 Bb7 5. O-O c5 6. c3 Nf6 7. Re1 Qc7 8. Nbd2
cxd4 9. cxd4 Be7 10. Nf1 d5 11. e5 Nh7 12. Bd2 Ng5 13. Rc1 Qd7 14. Ng3 Nxf3+
15. Qxf3 Qa4 16. Rc7 Nc6 17. Rxb7 Kd8 18. Qxf7 Qxd4 19. Qxe6 1-0

[Event "Mechanics' Peter Grey TNM; G/2 d5"]
[Site "San Francisco"]
[Date "2017.08.22"]
[Round "3.3"]
[White "Chen, Mingson"]
[Black "Diaz, Conrado"]
[Result "0-1"]
[WhiteElo "1900"]
[BlackElo "2293"]
[Annotator "Donaldson"]
[PlyCount "122"]
[EventDate "2017.??.??"]

1. e4 e6 2. d4 d5 3. Nc3 Bb4 4. Bd2 dxe4 5. Qg4 Nf6 6. Qxg7 Rg8 7. Qh6 Qxd4 8.
Nge2 Qe5 9. Bf4 Qf5 10. Ng3 Qg6 11. Qxg6 hxg6 12. O-O-O Bxc3 13. bxc3 Nd5 $2 {
Diagram [#]} 14. Nxe4 $1 Nd7 (14... Nxf4 15. Nf6+ Kf8 16. Rd8+) 15. Bg5 f5 16.
c4 N5b6 17. Nf6+ (17. Nc3 $16) 17... Nxf6 18. Bxf6 Kf7 (18... Nd7) 19. Be5 c5
20. Be2 Bd7 21. Bf3 $2 (21. h4 $1 $18 Bc6 22. h5 gxh5 23. Rxh5 Rxg2 24. Rh7+)
21... Bc6 22. Bxc6 bxc6 $11 23. Bd6 Nxc4 24. Bxc5 Rgd8 25. Rxd8 Rxd8 26. Rd1
Rxd1+ 27. Kxd1 a6 28. Ke2 e5 29. f3 e4 30. fxe4 fxe4 31. h3 Ke6 32. Bd4 Kf5 33.
Ba7 a5 34. Bb8 a4 35. Bc7 Na3 36. g4+ Ke6 37. h4 (37. c3) 37... Nxc2 38. h5
gxh5 39. gxh5 Kf5 40. Bd8 $2 (40. Bd6 $11) 40... Nb4 41. a3 Nd5 42. h6 Kg6 43.
Bg5 Kxg5 44. h7 Nf4+ 45. Ke3 Ng6 46. Kxe4 Kh6 47. h8=Q+ Nxh8 48. Kd4 Ng6 49.
Kc5 Ne7 50. Kd6 (50. Kb4 Kg6 51. Kxa4 Nd5 $19) 50... Kg7 51. Kc5 Kf7 52. Kb4
Ke6 53. Kxa4 Kd7 54. Kb4 Kc7 55. Kc5 Nd5 56. a4 Nb6 57. a5 Nd7+ 58. Kc4 Kb7 59.
Kc3 Ka6 60. Kb4 c5+ 61. Kb3 Kxa5 0-1

[Event "Mechanics' Fall TNM; G/2 d5"]
[Site "San Francisco"]
[Date "2017.11.28"]
[Round "6.17"]
[White "Cheng, Alfonso"]
[Black "Abraham, Michael D"]
[Result "1/2-1/2"]
[WhiteElo "1952"]
[BlackElo "1651"]
[PlyCount "103"]
[EventDate "2017.??.??"]

1. e4 c5 2. Nf3 d6 3. d4 cxd4 4. Nxd4 Nf6 5. Nc3 a6 6. Be3 e6 7. h3 Be7 8. g4
Nc6 9. Nde2 Ne5 10. Ng3 Qc7 11. Qe2 b5 12. f4 Nc4 13. Bc1 Bb7 14. a4 Qc5 15.
axb5 axb5 16. Rxa8+ Bxa8 17. g5 Nd7 18. Nxb5 d5 19. Nc3 O-O 20. Nd1 Bc6 21. Ne3
Bb5 22. exd5 exd5 23. Ngf5 Re8 24. Nxd5 Qxd5 25. Nxe7+ Rxe7 26. Qxe7 Qxh1 27.
Qe8+ Nf8 28. Qxb5 Qe4+ 29. Be2 Qh1+ 30. Bf1 Qe4+ 31. Kf2 Qxc2+ 32. Be2 Qxc1 33.
Qxc4 Qxb2 34. f5 Qb6+ 35. Kg2 Qb7+ 36. Kg3 Qb8+ 37. Kg4 Nd7 38. Qe4 Qe5 39.
Qa8+ Nf8 40. Qf3 Nd7 41. Qa8+ Nf8 42. Bd3 Qd4+ 43. Qe4 Qxe4+ 44. Bxe4 Nd7 45.
Kf4 f6 46. g6 h6 47. Bf3 Ne5 48. Be2 Kf8 49. Ke4 Ke7 50. Kd5 Nd7 51. Kc6 Ne5+
52. Kc7 1/2-1/2

[Event "Mechanics' Summer TNM; G/2 d5"]
[Site "San Francisco"]
[Date "2017.07.11"]
[Round "7.30"]
[White "Cheng, Alfonso"]
[Black "Acharya, Venkatagi"]
[Result "1-0"]
[WhiteElo "1944"]
[BlackElo "1710"]
[Annotator "Donaldson"]
[PlyCount "67"]
[EventDate "2017.??.??"]

1. Nf3 Nf6 2. d4 g6 3. c4 Bg7 4. Nc3 d5 5. e3 O-O 6. cxd5 Nxd5 7. Bd3 c5 8. Be4
Nxc3 $6 (8... Nf6 9. Bc2 cxd4 10. exd4 Bg4) (8... Be6) 9. bxc3 Nc6 10. O-O Qc7
11. Ba3 c4 $2 (11... cxd4 12. cxd4 Rd8 13. Rc1) (11... b6 12. dxc5 Bb7 13. cxb6
axb6) 12. Qa4 (12. Rb1) 12... Nd8 13. Nd2 Be6 14. Rab1 f5 15. Bf3 a6 16. Bc5 b5
17. Rxb5 Bd7 18. Qxc4+ Be6 19. Qa4 Bd7 20. Qb3+ Be6 21. Qa3 Nc6 22. Rb6 Bd7 23.
Rfb1 Rab8 24. Rxb8 Rxb8 25. Rxb8+ Nxb8 26. Bxe7 Bc6 27. Bd6 Qb7 28. Bxc6 Nxc6
29. Qb3+ Qxb3 30. axb3 Kf7 31. Kf1 Ke6 32. Bc5 h5 33. f4 Bf6 34. c4 1-0

[Event "Mechanics' Fall TNM; G/2 d5"]
[Site "San Francisco"]
[Date "2017.10.24"]
[Round "1.17"]
[White "Cheng, Alfonso"]
[Black "Brown, Nicholas M"]
[Result "1-0"]
[WhiteElo "1952"]
[BlackElo "1496"]
[PlyCount "55"]
[EventDate "2017.??.??"]

1. e4 c6 2. d4 d5 3. exd5 cxd5 4. c4 Nc6 5. Nf3 Nf6 6. Nc3 dxc4 7. Bxc4 e6 8.
d5 Nb4 $2 (8... Nxd5 $11) (8... exd5 9. Nxd5 Nxd5 (9... Be6) 10. Bxd5 Bb4+) 9.
Bg5 Be7 10. Bxf6 Bxf6 $2 (10... gxf6) 11. Qa4+ Nc6 12. dxc6 O-O 13. O-O Qb6 14.
Ne4 Be7 15. Rfd1 bxc6 16. Ne5 Bb7 17. Nd7 Qc7 18. Nxf8 Rxf8 19. Rd3 c5 20. Qd7
Bd8 21. Qxc7 Bxc7 22. Nxc5 Bc6 23. Rc1 Bb6 24. Nxe6 fxe6 25. Bxe6+ Kh8 26. Rxc6
Bxf2+ 27. Kh1 Bc5 28. Rc8 1-0